Phép vi tích và tích phân phân hàm nhiều biến

Na minha lista:
Detalhes bibliográficos
Autor principal: NGUYỄN VĂN MẬU
Formato: Livro
Idioma:Undetermined
Publicado em: Hà Nội ĐHQG 2001
Assuntos:
Tags: Adicionar Tag
Sem tags, seja o primeiro a adicionar uma tag!
Thư viện lưu trữ: Trung tâm Học liệu Trường Đại học Cần Thơ
LEADER 00601nam a2200169Ia 4500
001 CTU_47978
008 210402s9999 xx 000 0 und d
082 |a 515 
082 |b M125 
100 |a NGUYỄN VĂN MẬU 
245 0 |a Phép vi tích và tích phân phân hàm nhiều biến 
245 0 |c NGUYỄN VĂN MẬU, Nguyễn Thanh Thủy, Đặng Huy Ruận 
260 |a Hà Nội 
260 |b ĐHQG 
260 |c 2001 
650 |a calculus, differential,calculus, integral,functions of complex variables 
980 |a Trung tâm Học liệu Trường Đại học Cần Thơ